| 000 | 00321 a2200145 4500 | ||
|---|---|---|---|
| 001 | 92056 | ||
| 082 | _a891.4391 PER | ||
| 090 |
_c44016 _d44015 |
||
| 100 | _aPerveen Shakir | ||
| 245 | _aKhud kalami | ||
| 250 | _a1 | ||
| 260 |
_aLahore _bMurad Publications _c1994 |
||
| 300 |
_a895p _bHb |
||
| 500 | _aGeneral Book | ||
| 942 |
_aCAE NUST _k891.4391 PER |
||
| 999 |
_c327129 _d327129 |
||